000 00234nam a22000977a 4500
003 OSt
008 210113b ||||| |||| 00| 0 eng d
100 _aFowler, H. W
_aFowler, C. B
_94835
245 _aConcise Oxford Dictionary
942 _cBK
999 _c16449
_d16449